WWE Smackdown - 2011: Wrestlers by Year - Statistics

General Stats
  • This quiz has been taken 219 times
    139 since last reset
  • The average score is 38 of 73
Answer Stats
Date of First Match Wrestler % Correct
February 18 John Cena
93%
January 28 Randy Orton
87%
February 18 CM Punk
84%
January 7 Kane
81%
January 7 Rey Mysterio
81%
January 28 The Miz
81%
February 18 Sheamus
80%
January 7 Alberto Del Rio
79%
January 7 Edge
79%
January 7 The Big Show
79%
January 7 Dolph Ziggler
78%
January 14 Wade Barrett
77%
May 6 Daniel Bryan
74%
January 7 Kofi Kingston
73%
January 7 Cody Rhodes
72%
January 28 Heath Slater
71%
March 11 Christian
70%
February 18 John Morrison
68%
January 21 Justin Gabriel
68%
April 29 Mark Henry
68%
January 7 Drew McIntyre
67%
July 29 David Otunga
64%
February 4 Santino Marella
63%
January 14 R-Truth
62%
January 14 Jack Swagger
61%
April 29 Sin Cara
61%
May 20 The Great Khali
61%
March 18 Ted DiBiase
60%
May 27 AJ Lee
55%
April 8 Ezekiel Jackson
55%
May 20 Natalya
55%
January 7 Michelle McCool
54%
January 21 Layla
53%
August 5 Zack Ryder
53%
May 20 Brie Bella
52%
November 29 Nikki Bella
52%
September 9 Evan Bourne
51%
October 14 Primo
51%
May 6 Tyson Kidd
50%
November 4 Epico
49%
June 3 Jinder Mahal
49%
January 14 Beth Phoenix
48%
January 7 Kelly Kelly
48%
July 29 Michael McGillicutty
47%
February 4 Chavo Guerrero
46%
March 11 Brodus Clay
45%
May 20 Jey Uso
44%
June 10 Jimmy Uso
44%
October 14 Alex Riley
42%
November 29 Darren Young
41%
February 4 Vladimir Kozlov
41%
October 14 Titus O'Neil
40%
February 4 Eve Torres
39%
October 14 Mason Ryan
37%
April 15 Curt Hawkins
36%
January 28 JTG
36%
April 15 Yoshi Tatsu
36%
May 6 Alicia Fox
35%
November 29 Hornswoggle
35%
August 19 William Regal
34%
February 18 Maryse
33%
October 14 Hunico
32%
April 15 Tyler Reks
29%
January 28 Kaitlyn
27%
February 11 Chris Masters
26%
May 27 Tamina Snuka
24%
February 25 Rosa Mendes
18%
January 14 Trent Barreta
18%
November 29 Aksana
16%
August 12 Johnny Curtis
13%
October 14 Derrick Bateman
9%
October 14 Matt Striker
7%
October 14 Percy Watson
7%
No matching quizzes found
Score Distribution
Percent of People with Each Score
Percentile by Number Answered
Your Score History
You have not taken this quiz since the last reset